Exportaciones SGP de Centroamérica durante el período 1978-1983 a los siguientes países: Comunidad Económica Europea, Japón, Canadá, Suiza, Finlandia, Noruega, Suecia, Austria, Australia, Nueva Zelandia, Bulgaria, Hungría, Polonia y Checoslovaquia

Sparad:
Bibliografiska uppgifter
Institutionell upphovsman: SIECA
Materialtyp: Text
Publicerad: Guatemala: SIECA
Taggar: Lägg till en tagg
Inga taggar, Lägg till första taggen!

MARC

LEADER 00000 a a2200000 04500
001 24063
003
040
090 |a 171100  
110 |a SIECA  
245 |a Exportaciones SGP de Centroamérica durante el período 1978-1983 a los siguientes países: Comunidad Económica Europea, Japón, Canadá, Suiza, Finlandia, Noruega, Suecia, Austria, Australia, Nueva Zelandia, Bulgaria, Hungría, Polonia y Checoslovaquia  
260 |a Guatemala:   |b SIECA  
300 |a 58 p.   |b **no definido**  
999 |c 17131  |d 17131